| 000 | 00341nam a2200133Ia 4500 | ||
|---|---|---|---|
| 008 | 210430s9999 xx 000 0 und d | ||
| 020 | _a81-8128-588-3 | ||
| 082 | _a537.6221 S538 N | ||
| 100 |
_aV.A. Shchukin _954444 |
||
| 245 |
_aNanostructure _cV.A. Shchukin |
||
| 260 |
_aNew york _bSpringer _c2007 |
||
| 300 | _a387 p | ||
| 942 |
_cBK _2ddc |
||
| 999 |
_c565042 _d565042 |
||